00405pab a2200145 454500008004000000100001900040245006500059260000900124300001200133362000800145650001700153650002800170700002300198773003800221180718b2015 xxu||||| |||| 00| 0 eng d aBarua, Anamika aStrong or weak sustainability: a case study of emerging Asia c2015 ap.1-31. aJun aCase studies aSustainable development aKhataniar, Bandana aAsia-Pacific Development Journal